| 000 | 01326cam a2200337 i 4500 | ||
|---|---|---|---|
| 999 |
_c1042 _d1042 |
||
| 001 | 19327429 | ||
| 003 | OSt | ||
| 005 | 20200521114333.0 | ||
| 008 | 161005s2017 mnua j b 001 0 eng | ||
| 010 | _a 2016033347 | ||
| 020 |
_a9781618912725 _q(paperback) |
||
| 040 |
_aDLC _beng _cDLC _erda _dDLC |
||
| 042 | _apcc | ||
| 082 | 0 | 0 |
_a294.5 KOE _223 |
| 100 | 1 |
_aKoestler-Grack, Rachel A., _d1973- _eauthor. |
|
| 245 | 1 | 0 |
_aDiwali : _bcelebrating Holidays / _cby Rachel Grack. |
| 264 | 1 |
_aMinneapolis, MN : _bBellwether Media, _c2017 |
|
| 300 |
_a24 pages ; _bcolor illustrations ; _c24 cm. |
||
| 336 |
_atext _btxt _2rdacontent |
||
| 337 |
_aunmediated _bn _2rdamedia |
||
| 338 |
_avolume _bnc _2rdacarrier |
||
| 490 | 0 | _aBlastoff! readers: celebrating holidays | |
| 500 | _aAudience: ages: 5-8. | ||
| 504 | _aIncludes bibliographical references (page 24) and index. | ||
| 520 |
_a"Relevant images match informative text in this introduction to Diwali. Intended for students in kindergarten through third grade"-- _cProvided by publisher. |
||
| 650 | 0 |
_aDivali _vJuvenile literature. |
|
| 650 | 0 | _aReligion | |
| 906 |
_a7 _bcbc _corignew _d1 _eecip _f20 _gy-gencatlg |
||
| 942 |
_2ddc _cNFIC |
||